Capitalism and modern social theory: an analysis of the writings of Marx, Durkheim and Max Weber (Record no. 78030)

MARC details
000 -LEADER
fixed length control field 00858nam a2200205 a 4500
008 - FIXED-LENGTH DATA ELEMENTS--GENERAL INFORMATION
fixed length control field 120416s1971 ||||||||||||||||| || u
020 ## - INTERNATIONAL STANDARD BOOK NUMBER
International Standard Book Number 0521082935
050 ## - LIBRARY OF CONGRESS CALL NUMBER
Classification number HM 19 Gid
100 ## - MAIN ENTRY--PERSONAL NAME
Personal name Giddens, Anthony
245 10 - TITLE STATEMENT
Title Capitalism and modern social theory: an analysis of the writings of Marx, Durkheim and Max Weber
260 ## - PUBLICATION, DISTRIBUTION, ETC.
Place of publication, distribution, etc. Cambridge
Name of publisher, distributor, etc. The University Press
Date of publication, distribution, etc. 1971
300 ## - PHYSICAL DESCRIPTION
Extent xvii, 261p.
350 ## -
-- 0.00
650 ## - SUBJECT ADDED ENTRY--TOPICAL TERM
Topical term or geographic name entry element Marx, Karl, 1818-1883
650 ## - SUBJECT ADDED ENTRY--TOPICAL TERM
Topical term or geographic name entry element MARXISM
650 ## - SUBJECT ADDED ENTRY--TOPICAL TERM
Topical term or geographic name entry element DURKHEIM, EMILE, 1858-1917
650 ## - SUBJECT ADDED ENTRY--TOPICAL TERM
Topical term or geographic name entry element ECONOMIC THEORY
995 ## -
-- MAIN LIBRARY OPEN ACCESS
-- 0.00
-- 008440
-- CBU-MAIN LIBRARY (Kitwe)
-- 1
-- 26.25
-- HM 19 Gid
-- AVAILABLE
-- 008440
-- Main Library Open Access Collection
995 ## -
-- MAIN LIBRARY OPEN ACCESS
-- 0.00
-- 008441
-- CBU-MAIN LIBRARY (Kitwe)
-- 2
-- 26.25
-- HM 19 Gid
-- LOST
-- 008441
-- Main Library Open Access Collection
999 ## -
-- 78030
-- 78030
Holdings
Withdrawn status Lost status Source of classification or shelving scheme Damaged status Not for loan Permanent Location Current Location Shelving location Date acquired Total Checkouts Full call number Barcode Date last seen Copy number Price effective from Koha item type
          CBU-MAIN LIBRARY, KITWE. CBU-MAIN LIBRARY, KITWE.   05/03/2023   HM 19 Gid 008440 05/03/2023 1 05/03/2023 MONOGRAPH
          CBU-MAIN LIBRARY, KITWE. CBU-MAIN LIBRARY, KITWE.   05/03/2023   HM 19 Gid 008441 05/03/2023 2 05/03/2023 MONOGRAPH